[Event "XXIX Cracovia 2018"]
[Site "Krakow"]
[Date "2018.12.30"]
[Round "5"]
[White "Belous, Mikhail"]
[Black "Cukrowski, Filip"]
[Result "0-1"]
[WhiteElo "2299"]
[BlackElo "2416"]
[Annotator "TA"]
[PlyCount "240"]
[EventDate "2018.12.27"]
[EventType "swiss"]
[EventCountry "POL"]
[SourceTitle "playchess.com"]
[Source "ChessBase"]
[SourceQuality "1"]

{[%evp 13,240,42,56,50,54,51,55,66,70,50,72,20,30,4,4,0,10,6,26,33,31,50,60,3,9,0,0,0,139,130,137,-186,-183,-182,-174,-175,-179,-171,-179,-179,0,0,0,0,0,0,0,-62,-62,-62,-62,-62,-63,-62,-63,-64,-64,-64,-65,-77,-8,-10,-11,-112,-112,-112,-112,-141,-148,-206,-193,-201,-189,-176,-172,-215,-177,-215,-215,-215,-215,-215,-215,-215,-215,-208,-127,-127,-128,-128,-67,-173,-173,-167,-128,-142,-142,-142,-142,-362,-362,-362,-72,-72,-73,-73,-73,-73,-73,-73,-81,-142,-142,-362,-362,-362,-362,-362,-362,-362,-362,-362,-362,-362,-362,-362,-362,-362,-362,-362,-362,-362,-362,-362,-362,-362,-362,-362,-362,-362,-362,-362,-362,-362,-362,-362,-127,-362,-362,-362,-362,-362,-362,-482,-482,-482,-482,-482,-482,-482,-482,-482,-482,-482,-482,-482,0,-439,-291,-291,-291,-291,-291,-291,-291,-29939,-29941,-29942,-29939,-29941,-29941,-29949,-29946,-29950,-29951,-29951,-29954,-29956,-29955,-29958,-29961,-29957,-29952,-29950,-29949,-29944,-29939,-29943,-29951,-29968,-29964,-29968,-29962,-29989,-29978,-29977,-29979,-29979,-29979,-29983,-29984,-29984,-29985,-29985,-29986,-29986,-29987,-29987,-29987,-29987,-29988,-29988,-29989,-29989,-29989,-29989,-29986,-29988,-29989]} 1. d4 Nf6 2. c4 e6 3. Nf3 b6 {[%cal Bb7b6,Bb6b5,Bb5b4][%mdl 32]} 4. g3 Ba6 5. Qa4 c6 6. Nc3 {[%cal Bb1c3,Bc3a4,Ba4c5][%mdl 32]} d5 7. cxd5 exd5 {LiveBook: 10 Games} 8. Bg5 {E15: Queen's Indian: 4 g3 sidelines, 4 g3 Ba6 and 4 g3 Bb7 early deviations} b5 (8... Be7 9. Ne5 Bb7 10. Bg2 O-O 11. O-O Nfd7 12. Bxe7 Qxe7 13. Nxd7 Nxd7 14. Rac1 Nf6 15. b4 Rfe8 {1-0 (42) Shtyrenkov,V (2446)-Kalugin,S (2482) Alushta 2003}) 9. Qc2 b4 10. Na4 {White is slightly better.} Bb5 $146 ({Predecessor:} 10... h6 11. Bxf6 Qxf6 12. Bh3 Bd6 13. Nc5 Bc4 14. Nb7 Bc7 15. Qf5 Qxf5 16. Bxf5 {0-1 (38) Poblete,L-Jenneborg,S IECG email 1999}) 11. Nc5 h6 12. Bd2 (12. Bf4 $16) 12... a5 $11 13. a3 bxa3 14. Rxa3 Nbd7 15. Bh3 $36 {[%mdl 2048] White is pushing.} Nxc5 16. dxc5 Ne4 17. Be3 Be7 18. Bf5 (18. Nd4 $14) 18... O-O 19. Bxe4 dxe4 20. Qxe4 Bxc5 (20... Re8 $11 21. Qc2 Qd5) 21. Bxc5 $16 Re8 22. Qc2 $2 {[%mdl 8192]} ({Don't take} 22. Ne5 $6 f6 $14) (22. Qd4 $1 $16 {keeps the pressure on.}) 22... Rxe2+ $19 ({Don't play} 22... Bxe2 23. Re3 $17) 23. Qxe2 Bxe2 24. Kxe2 {[#]} Qb8 $1 {[%cal Rb8b2]} 25. Rd3 Qxb2+ 26. Nd2 Qb5 $2 (26... a4 $19 {Hoping for ...a3.} 27. Be3 a3) 27. Rc1 $11 a4 {aiming for ...a3.} (27... Rd8 $5 28. Rc4 $8 Rd5 $11) 28. Rc4 Re8+ 29. Kf1 Re4 {[%mdl 64] Decoy} 30. Rxe4 (30. Rcc3 $1 $11 Re5 31. Ba3) 30... Qxd3+ $15 {[%mdl 64] Double Attack} 31. Ke1 Qc3 {[%mdl 1024] Strongly threatening ...Qc1+. Black has compensation.} 32. Rc4 Qa1+ $1 33. Ke2 a3 $1 {[%cal Ra3a2] ...a2 is the strong threat.} 34. Bd4 Qh1 $1 35. Ra4 Qd5 36. Kd1 c5 (36... a2 $17 37. Bb2 Qf5 38. Rxa2 Qxf2) 37. Bc3 $11 a2 {And now ...Qd3 would win.} 38. Kc2 {[#]} (38. Kc1 $11 {was the only way to keep the balance.}) 38... Qf5+ $1 $17 39. Ne4 Qf3 40. g4 c4 $1 41. Rxc4 {[#]} (41. Nd2 $17 Qxg4 42. f3 Qf5+ 43. Kb2) 41... Qxc3+ $1 $19 {[%mdl 576] Remove Defender} 42. Rxc3 (42. Kxc3 a1=Q+) 42... a1=Q {[%mdl 4096] Endgame KQ-KRN} 43. h3 g6 44. Nd2 Qe1 45. Rf3 Qe2 46. Kc3 Kg7 47. Kc2 f6 48. Kc3 Kf7 49. Kc2 {[#]} f5 $1 {[%mdl 512]} 50. gxf5 g5 51. f6 h5 ({Black should try} 51... Qb5 $17 52. Kd1 h5) 52. Kc3 ({Better is} 52. Rf5 $15) 52... h4 53. Kc2 Qe6 {White must now prevent ...g4.} 54. Kd3 g4 55. hxg4 Qxg4 56. Ke2 $2 (56. Re3 $17 {only move.}) 56... h3 {( -> ...h2)} 57. Nf1 Qe4+ $2 (57... Qc4+ $19 58. Ke1 Qb4+ 59. Ke2 Qb5+ 60. Ke1 Qa5+ 61. Ke2 Qh5) 58. Re3 $17 Qc4+ 59. Ke1 Qb4+ 60. Ke2 Qb5+ 61. Ke1 Qa5+ 62. Ke2 Qh5+ 63. Rf3 $2 (63. Ke1 $17 {was worth a try.}) 63... Qg4 $19 64. Ng3 h2 65. Ke3 Qe6+ 66. Kd2 Qe5 67. Kd3 Qe1 68. Kd4 Qb4+ 69. Ke3 Qc3+ 70. Ke2 Qc1 71. Kd3 Qb2 72. Ke3 Qc2 73. Kd4 Qa4+ 74. Ke3 Qd1 75. Ke4 Qd2 76. Rf4 Qe1+ 77. Kd3 Qd1+ 78. Ke3 Qb3+ 79. Ke2 Qb2+ $2 (79... Qe6+ $19 {and Black stays clearly on top.} 80. Kf3 Qh3) 80. Ke3 $2 (80. Kf3 $17) 80... Qc1+ 81. Ke4 Qc6+ 82. Ke3 Qc3+ 83. Ke4 {[#]} Qxg3 $1 {[%mdl 576] Remove Defender, Promotion} 84. fxg3 {White wants to mate with Rf1.} h1=Q+ {KQ-KR} 85. Ke3 Qg2 86. Rf3 Qh2 87. Kd3 Qh1 88. Ke2 Qg1 89. Kd2 Qg2+ 90. Ke3 Qc2 91. Rf4 Qh2 92. Kf3 Qg1 93. Kg4 Qg2 94. Kg5 $2 (94. Rf5 $19) 94... Qxg3+ {Black mates.} 95. Kf5 Qg6+ 96. Ke5 Qd3 97. Rd4 Qc3 98. Ke4 Kxf6 99. Rd6+ Ke7 100. Rd3 Qc2 101. Kd4 Kd6 102. Ke4+ Ke6 103. Kd4 Qa4+ 104. Kc5 Qa7+ 105. Kc4 Ke5 106. Rd2 Qa6+ 107. Kc3 Ke4 108. Rh2 Qc8+ 109. Kd2 Qd8+ 110. Ke1 Qa5+ 111. Kf2 Qd2+ 112. Kg3 Qe1+ 113. Kg2 Kf4 114. Rh3 Kg4 115. Rh2 Qc1 116. Kf2 Qd1 117. Rg2+ Kf4 118. Rh2 Qd2+ 119. Kg1 Qe1+ 120. Kg2 Kg4 {Accuracy: White = 52%, Black = 69%.} 0-1

[Event "XXIX Cracovia 2018"]
[Site "Krakow"]
[Date "2018.12.30"]
[Round "5"]
[White "Lee, Qing Aun"]
[Black "Lewtak, Damian"]
[Result "1/2-1/2"]
[WhiteElo "2297"]
[BlackElo "2393"]
[Annotator "NA"]
[PlyCount "22"]
[EventDate "2018.12.27"]
[EventType "swiss"]
[EventCountry "POL"]
[SourceTitle "playchess.com"]
[Source "ChessBase"]
[SourceQuality "1"]
[TimeControl "40/5400+30:1800+30"]

1. e4 {[%emt 0:00:24]} d6 {[%emt 0:00:00]} 2. d4 {[%emt 0:00:10]} Nf6 {[%emt 0:00:00]} 3. Nc3 {[%emt 0:00:12]} e5 {[%emt 0:00:13]} 4. Nf3 {[%emt 0:00:15]} Nbd7 {[%emt 0:00:06]} 5. Bc4 {[%emt 0:00:16]} Be7 {[%emt 0:00:09]} 6. O-O {[%emt 0:00:26]} O-O {[%emt 0:00:26]} 7. a4 {[%emt 0:01:07]} c6 {[%emt 0:00:30]} 8. Ba2 {[%emt 0:00:43]} Qc7 {[%emt 0:09:31]} 9. Re1 {[%emt 0:00:32]} Rb8 {[%emt 0:02:13]} 10. h3 b5 11. b4 {[%emt 0:18:34]} bxa4 {[%emt 0:05:19]} 1/2-1/2

[Event "XXIX Cracovia 2018"]
[Site "Krakow"]
[Date "2018.12.30"]
[Round "5"]
[White "Roshka, Yevgeniy"]
[Black "Galperin, Platon"]
[Result "1/2-1/2"]
[WhiteElo "2293"]
[BlackElo "2363"]
[Annotator "NA"]
[PlyCount "90"]
[EventDate "2018.12.27"]
[EventType "swiss"]
[EventCountry "POL"]
[SourceTitle "playchess.com"]
[Source "ChessBase"]
[SourceQuality "1"]
[TimeControl "40/5400+30:1800+30"]

1. Nf3 d5 {[%emt 0:11:34]} 2. g3 {[%emt 0:11:41]} Bg4 {[%emt 0:00:07]} 3. Bg2 {[%emt 0:00:14]} Nd7 {[%emt 0:00:14]} 4. d4 {[%emt 0:01:05]} e6 {[%emt 0:00:57]} 5. O-O {[%emt 0:00:54]} Ngf6 {[%emt 0:01:54]} 6. Nbd2 {[%emt 0:09:05]} Be7 {[%emt 0:00:31]} 7. c4 {[%emt 0:00:08]} c6 {[%emt 0:00:11]} 8. b3 {[%emt 0:00:56]} O-O {[%emt 0:00:37]} 9. h3 {[%emt 0:01:45]} Bh5 {[%emt 0:00:22]} 10. Ne1 {[%emt 0:27:37]} c5 {[%emt 0:34:39]} 11. Bb2 {[%emt 0:02:48]} cxd4 {[%emt 0:00:46]} 12. Bxd4 {[%emt 0:00:37]} e5 {[%emt 0:00:14]} 13. Bb2 {[%emt 0:00:02]} d4 {[%emt 0:00:11]} 14. Nd3 {[%emt 0:03:53]} Qb6 {[%emt 0:14:45]} 15. Kh2 {[%emt 0:04:08]} Rfe8 {[%emt 0:05:31]} 16. Rc1 {[%emt 0:03:40]} Bc5 {[%emt 0:06:50]} 17. Ne4 Nxe4 {[%emt 0:00:59]} 18. Bxe4 {[%emt 0:01:49]} Rad8 {[%emt 0:02:59]} 19. Qd2 {[%emt 0:19:09]} Nf6 {[%emt 0:04:25]} 20. Nxc5 {[%emt 0:01:17]} Qxc5 {[%emt 0:00:02]} 21. Bg2 {[%emt 0:00:01]} Bg6 {[%emt 0:06:57]} 22. b4 {[%emt 0:02:13]} Qc7 {[%emt 0:00:01]} 23. e3 {[%emt 0:03:17]} Rd7 {[%emt 0:05:52]} 24. exd4 {[%emt 0:02:19]} exd4 {[%emt 0:00:01]} 25. Rfe1 {[%emt 0:01:35]} Rxe1 {[%emt 0:01:13]} 26. Rxe1 {[%emt 0:00:01]} h5 {[%emt 0:00:28]} 27. c5 {[%emt 0:02:16]} h4 {[%emt 0:00:30]} 28. Qg5 {[%emt 0:00:52]} hxg3+ {[%emt 0:00:16]} 29. fxg3 {[%emt 0:00:01]} Qd8 {[%emt 0:00:49]} 30. c6 {[%emt 0:00:24]} bxc6 {[%emt 0:00:02]} 31. Bxc6 {[%emt 0:00:01]} Re7 {[%emt 0:00:24]} 32. Rxe7 {[%emt 0:00:24]} Qxe7 {[%emt 0:00:01]} 33. Qd2 {[%emt 0:00:01]} d3 {[%emt 0:00:15]} 34. Bf3 {[%emt 0:00:16]} Qe6 {[%emt 0:00:28]} 35. a4 {[%emt 0:00:28]} Nd5 {[%emt 0:01:31]} 36. Qg5 {[%emt 0:00:35]} Nf6 {[%emt 0:00:44]} 37. Qd2 {[%emt 0:00:42]} Nd5 {[%emt 0:00:36]} 38. Qg5 {[%emt 0:00:02]} Ne7 {[%emt 0:00:23]} 39. Qe5 {[%emt 0:00:25]} Nf5 {[%emt 0:00:39]} 40. Qxe6 {[%emt 0:00:00]} fxe6 {[%emt 0:00:00]} 41. Kg2 {[%emt 0:09:08]} Ne3+ {[%emt 0:13:02]} 42. Kf2 {[%emt 0:00:07]} Nc4 {[%emt 0:00:29]} 43. Bc3 {[%emt 0:00:05]} d2 {[%emt 0:09:39]} 44. Ke2 {[%emt 0:00:29]} Bc2 {[%emt 0:00:17]} 45. Bxd2 {[%emt 0:00:04]} Nxd2 {[%emt 0:00:09]} 1/2-1/2

[Event "XXIX Cracovia 2018"]
[Site "Krakow"]
[Date "2018.12.30"]
[Round "5"]
[White "Kyc, Jerzy"]
[Black "Gumularz, Szymon"]
[Result "0-1"]
[WhiteElo "2280"]
[BlackElo "2462"]
[Annotator "TA"]
[PlyCount "62"]
[EventDate "2018.12.27"]
[EventType "swiss"]
[EventCountry "POL"]
[SourceTitle "playchess.com"]
[Source "ChessBase"]
[SourceQuality "1"]

{[%evp 23,62,24,11,14,9,6,13,14,54,56,43,0,0,-79,-24,-25,-33,-42,-29,-198,-199,-419,-312,-1124,-1122,-1070,-1051,-1917,-1920,-1699,-1708,-1450,-1401,-29986,-29987,-29984,-29988,-29993,-29993,-29993,-29994]} 1. e4 c5 2. Nf3 Nc6 3. d4 cxd4 4. Nxd4 g6 5. Nc3 Bg7 6. Be3 Nf6 7. Nxc6 bxc6 8. e5 Ng8 9. Bd4 f6 10. Qe2 {B34: Sicilian: Accelerated Dragon with 5 Nc3: sidelines} fxe5 11. Bxe5 Nf6 12. O-O-O O-O {LiveBook: 4 Games} 13. f3 {[%cal Bf2f3,Bf3f4][%mdl 32]} Qa5 14. Bd4 $146 ({Predecessor:} 14. g4 d6 15. Bd4 e5 16. Qc4+ d5 17. Qc5 Qxc5 18. Bxc5 {1-0 (55) Kyc,J (2265)-Hracek,Z (2592) Katowice 2017}) 14... Rf7 15. Qe1 Ba6 16. Bxa6 Qxa6 17. f4 Rb8 18. Kb1 (18. b3 $11 {remains equal.}) 18... d6 (18... c5 $17 19. Bxc5 Ng4) 19. b3 $11 c5 {[%cal Bc6c5,Bc5c4][%mdl 32]} 20. Bxf6 $1 Bxf6 21. Nd5 $2 (21. h4 $11 {and White is okay.}) 21... Bg7 $19 {And now ...Qa3 would win.} 22. Qe4 $2 (22. f5 {was called for.} gxf5 23. Rd3) 22... c4 23. Rhe1 $2 (23. Rd4 cxb3 24. cxb3 Bxd4 25. Qxd4) 23... Qa3 {[%csl Gg7][%cal Ra3b2] [#]} 24. Rd4 e6 25. Nc3 cxb3 26. cxb3 {[#]} Rxb3+ $1 {[%mdl 576] Demolition} 27. axb3 Qxb3+ {[%mdl 64] Double Attack} 28. Ka1 Qxc3+ {[%mdl 64] Double Attack. Black mates.} 29. Ka2 Bxd4 {[%csl Gd4][%cal Rc3b2]} 30. Qa8+ Rf8 31. Qxf8+ Kxf8 {Accuracy: White = 31%, Black = 62%.} 0-1

[Event "XXIX Cracovia 2018"]
[Site "Krakow"]
[Date "2018.12.30"]
[Round "5"]
[White "Marczuk, Dominik"]
[Black "Goumas, Georgios"]
[Result "0-1"]
[WhiteElo "2274"]
[BlackElo "2378"]
[Annotator "NA"]
[PlyCount "94"]
[EventDate "2018.12.27"]
[EventType "swiss"]
[EventCountry "POL"]
[SourceTitle "playchess.com"]
[Source "ChessBase"]
[SourceQuality "1"]
[TimeControl "40/5400+30:1800+30"]

1. d4 {[%emt 0:00:00]} Nf6 {[%emt 0:12:26]} 2. Nc3 {[%emt 0:00:09]} d5 {[%emt 0:00:13]} 3. Bf4 {[%emt 0:00:12]} a6 {[%emt 0:00:07]} 4. e3 {[%emt 0:00:35]} Bf5 {[%emt 0:00:35]} 5. f3 {[%emt 0:01:21]} e6 {[%emt 0:01:33]} 6. g4 {[%emt 0:01:40]} Bg6 {[%emt 0:00:10]} 7. h4 {[%emt 0:00:04]} h5 {[%emt 0:03:47]} 8. g5 {[%emt 0:00:06]} Nfd7 {[%emt 0:00:05]} 9. Bd3 {[%emt 0:00:28]} Bxd3 {[%emt 0:00:11]} 10. Qxd3 {[%emt 0:00:51]} g6 {[%emt 0:00:14]} 11. O-O-O {[%emt 0:10:49]} Bg7 {[%emt 0:01:53]} 12. e4 {[%emt 0:01:36]} c6 {[%emt 0:00:06]} 13. Nge2 {[%emt 0:26:19]} b5 {[%emt 0:05:47]} 14. Rhe1 {[%emt 0:02:02]} Nb6 {[%emt 0:08:42]} 15. Bg3 {[%emt 0:07:51]} b4 {[%emt 0:05:37]} 16. Nb1 {[%emt 0:00:29]} O-O {[%emt 0:07:47]} 17. Nd2 {[%emt 0:01:41]} c5 {[%emt 0:06:19]} 18. dxc5 {[%emt 0:15:11]} Na4 {[%emt 0:00:38]} 19. e5 {[%emt 0:00:54]} Nxc5 {[%emt 0:02:33]} 20. Qe3 {[%emt 0:01:11]} Nbd7 {[%emt 0:01:40]} 21. Kb1 {[%emt 0:02:07]} Qc7 {[%emt 0:03:29]} 22. Nd4 {[%emt 0:02:02]} Rfb8 {[%emt 0:00:27]} 23. Rc1 {[%emt 0:09:27]} Na4 {[%emt 0:03:40]} 24. f4 {[%emt 0:00:16]} Ndb6 {[%emt 0:09:52]} 25. f5 {[%emt 0:02:52]} Nxb2 {[%emt 0:13:51]} 26. Kxb2 {[%emt 0:01:36]} gxf5 {[%emt 0:00:06]} 27. Ka1 {[%emt 0:04:14]} Na4 {[%emt 0:04:44]} 28. Nb1 {[%emt 0:02:51]} Nc5 {[%emt 0:02:07]} 29. c4 {[%emt 0:01:42]} b3 {[%emt 0:02:14]} 30. Nxb3 {[%emt 0:00:49]} Rxb3 {[%emt 0:00:24]} 31. axb3 {[%emt 0:01:03]} d4 {[%emt 0:00:01]} 32. Qf3 {[%emt 0:01:03]} Rb8 {[%emt 0:02:10]} 33. Kb2 {[%emt 0:01:08]} Rxb3+ {[%emt 0:01:22]} 34. Qxb3 {[%emt 0:00:03]} Nxb3 {[%emt 0:00:04]} 35. Kxb3 {[%emt 0:00:32]} Qb7+ {[%emt 0:00:01]} 36. Ka4 {[%emt 0:02:12]} Bf8 {[%emt 0:00:21]} 37. c5 {[%emt 0:00:07]} Qb5+ {[%emt 0:00:04]} 38. Ka3 {[%emt 0:00:05]} Bxc5+ {[%emt 0:00:17]} 39. Ka2 {[%emt 0:00:35]} Qa4+ {[%emt 0:00:51]} 40. Kb2 {[%emt 0:00:00]} Qb5+ {[%emt 0:00:00]} 41. Ka2 {[%emt 0:10:39]} d3 {[%emt 0:04:32]} 42. Na3 {[%emt 0:13:29]} Qa5 {[%emt 0:01:49]} 43. Rxc5 {[%emt 0:00:22]} Qxc5 {[%emt 0:00:06]} 44. Rd1 {[%emt 0:06:23]} Qe3 {[%emt 0:03:25]} 45. Be1 {[%emt 0:01:10]} Qe2+ {[%emt 0:00:19]} 46. Rd2 {[%emt 0:00:31]} Qxe1 {[%emt 0:00:04]} 47. Nc4 {[%emt 0:00:06]} Qxh4 {[%emt 0:00:10]} 0-1

[Event "XXIX Cracovia 2018"]
[Site "Krakow"]
[Date "2018.12.30"]
[Round "5"]
[White "Goluch, Piotr"]
[Black "Schreiner, Peter"]
[Result "1/2-1/2"]
[WhiteElo "2273"]
[BlackElo "2479"]
[Annotator "TA"]
[PlyCount "72"]
[EventDate "2018.12.27"]
[EventType "swiss"]
[EventCountry "POL"]
[SourceTitle "playchess.com"]
[Source "ChessBase"]
[SourceQuality "1"]

{[%evp 13,72,26,25,-39,-47,-64,-60,-69,-66,-85,-77,-82,-79,-77,-85,-65,-95,-52,-76,-62,-37,-29,-45,-54,-60,-47,-40,-21,-14,-14,-7,-18,-10,-52,-52,-57,-6,-11,-20,-12,-18,-20,0,0,-8,-11,0,0,0,0,0,0,0,0,0,0,0,0,0,0,0]} 1. d4 Nf6 2. c4 g6 3. Nc3 Bg7 4. e4 d6 5. Be2 O-O 6. Be3 c5 7. dxc5 {E73: King's Indian: Averbakh Variation without 6...c5} Qa5 {LiveBook: 24 Games} 8. Bf3 $146 ({Better is} 8. Bd2 $11) ({Predecessor:} 8. Bd2 dxc5 9. e5 Ne8 10. f4 f6 11. Nd5 Qd8 12. Be3 Na6 13. Nf3 Bg4 14. Qb3 e6 15. Nc3 fxe5 16. fxe5 Bxf3 17. Bxf3 Bxe5 18. Qxb7 {½-½ (33) Iturrizaga Bonelli,E (2671)-Jones,G (2671) Dubai 2017}) 8... dxc5 $15 9. Qa4 {Black is slightly better.} Qxa4 10. Nxa4 Nfd7 {[%cal Bf6d7,Bd7b6,Bb6c4][%mdl 32]} 11. O-O-O Nb6 12. Nxc5 Nxc4 13. Bd4 Bh6+ 14. Kc2 Nc6 15. Bc3 b6 16. Nd3 Ba6 17. e5 Bb7 $1 18. Nb4 Nxb4+ ({Of course not} 18... N4xe5 $6 19. Nxc6 Nxc6 20. Rd7 $14) 19. Bxb4 Rac8 20. Kb1 Ba6 21. Be2 {next b3 is good for White.} Rfd8 22. Rxd8+ Rxd8 23. b3 ({Don't go for} 23. Bxe7 $2 Nd2+ 24. Ka1 Rc8 $19) 23... Bb7 {[#] Hoping for ...Nd2+.} 24. Bf3 a5 (24... Nxe5 $15 25. Bxb7 Rd1+ 26. Kb2 Nd3+ {[%mdl 64] Double Attack} 27. Kc2 Nxf2) 25. bxc4 {The position is equal.} Bxf3 26. Nxf3 axb4 $11 {[%mdl 4096] Endgame KRB-KRN} 27. Kc2 e6 28. Rd1 Ra8 29. Kb2 Bf8 30. Rd7 h6 31. Nd2 g5 32. Ne4 Ra5 33. Rd8 Rxe5 34. Nf6+ $1 Kg7 35. Nh5+ Kg8 {[#] Strongly threatening ...Re2+.} 36. Nf6+ Kg7 {Accuracy: White = 62%, Black = 74%.} 1/2-1/2

[Event "XXIX Cracovia 2018"]
[Site "Krakow"]
[Date "2018.12.30"]
[Round "5"]
[White "Chylewski, Patryk"]
[Black "Tomczak, Mikolaj"]
[Result "1/2-1/2"]
[WhiteElo "2268"]
[BlackElo "2442"]
[Annotator "TA"]
[PlyCount "99"]
[EventDate "2018.12.27"]
[EventType "swiss"]
[EventCountry "POL"]
[SourceTitle "playchess.com"]
[Source "ChessBase"]
[SourceQuality "1"]

{[%evp 15,99,15,27,-7,0,-18,-15,-20,20,12,21,16,45,10,33,0,12,14,38,0,0,0,28,21,54,56,44,62,116,63,67,43,79,106,65,49,58,40,38,44,54,48,87,77,63,46,255,255,255,255,255,255,255,248,248,248,227,167,472,414,478,166,174,164,162,83,81,82,83,30,27,14,23,0,0,0,0,0,25,25,25,24,24,23,33,24]} 1. d4 c5 2. d5 e6 3. c4 exd5 4. cxd5 d6 5. Nc3 a6 6. a4 g6 7. Nf3 {A43: Schmid Benoni} Bg7 8. Nd2 (8. g3 Nh6 9. Nd2 f5 10. Nc4 Nf7 11. a5 Nd7 12. Bg2 O-O 13. O-O Rb8 {0-1 (37) Kopylov,M (2424)-Rapport,R (2686) Germany 2017}) 8... Nd7 {LiveBook: 23 Games} 9. Nc4 {aiming for Ne4.White has an edge.} Ne5 10. Na3 $146 ({Predecessor:} 10. Nxe5 Bxe5 11. g3 Ne7 12. Bg2 O-O 13. O-O Rb8 {1-0 (47) Chernyshov,K (2543)-Reinaldo Castineira,R (2473) Cappelle-la-Grande 2008}) 10... f5 11. Bf4 Ne7 12. e3 Rb8 13. h4 O-O 14. Be2 h6 15. Qd2 Nf7 16. Bg3 g5 17. h5 Kh8 18. O-O Ne5 19. Rab1 Ng8 20. b4 cxb4 21. Rxb4 Ra8 (21... g4 $14) 22. Nc2 ({White should try} 22. Rfb1 $16) 22... Nf6 $14 23. Rfb1 Qe8 24. Nd4 Nxh5 25. Bxh5 Qxh5 26. Ne6 Bxe6 $1 27. dxe6 Rae8 $1 28. Qxd6 Ng6 {White must now prevent ...f4.} 29. Rxb7 f4 30. Rxg7 $40 {[%mdl 128] White mounts an attack.} fxg3 $2 (30... Kxg7 $14 31. Rb7+ Kg8) 31. Rf7 $18 {Intending Qd4+ and mate.} gxf2+ 32. Kxf2 {White threatens Qd4+ and mate.} Qg4 33. Rxf8+ Rxf8+ 34. Kg1 Qf5 35. Qd4+ Kg8 {Threatens to win with ...Qf2+.} 36. Qe4 Qf2+ $2 (36... h5 37. Kh2 Ne5 38. Qxf5 Rxf5) 37. Kh1 Ne7 38. Rd1 $2 (38. Nd5 Nf5 39. Kh2 Qh4+ 40. Qxh4 gxh4 41. Rb6) 38... Nf5 39. Kh2 $1 Qxe3 {[#] And now ...Qg3+ would win.} 40. Qxe3 ({White should play} 40. e7 $1 $18 {[%cal Re7f8][%mdl 512]} Qg3+ (40... Nxe7 41. Qxe3) 41. Kg1 Nxe7 42. Qe6+ {[%mdl 64] Double Attack} Kh8 43. Qxh6+ {[%mdl 64] Double Attack} (43. Qxe7 Qf2+ 44. Kh2 Qh4+ 45. Kg1 Qf2+ 46. Kh2 Qh4+ 47. Kg1 Qf2+ $11) 43... Kg8 44. Qe6+ {[%mdl 64] Double Attack} (44. Rd7 Qe1+ 45. Kh2 Qe5+ 46. Kg1 Qf5 $17) 44... Kh8 45. Ne4 (45. Qxe7 Qf2+ 46. Kh2 Qh4+ 47. Kg1 Qf2+ 48. Kh2 Qh4+ 49. Kg1 Qf2+ $11) 45... Qe3+ 46. Kh2 Qf4+ 47. g3) 40... Nxe3 {[%mdl 4096] Endgame [#] KRN-KRN} 41. Rd6 $1 (41. e7 $6 Re8 $11) 41... Kg7 42. Rxa6 (42. e7 $16 Re8 43. Re6 (43. Rxa6 Rxe7 44. a5 Nc4 $11) 43... Ng4+ 44. Kg3) 42... Kf6 $11 43. Ne4+ Ke7 44. Nc5 Rc8 45. Ra7+ Kd6 46. e7 Nd5 ({But not} 46... Kxc5 $2 {[#]} 47. Rc7+ $1 {[%mdl 512]} Rxc7 48. e8=Q $18) 47. Ne4+ Ke6 $1 48. Ra6+ Kxe7 49. Rxh6 Rc4 50. Nxg5 {Accuracy: White = 52%, Black = 46%.} 1/2-1/2

[Event "XXIX Cracovia 2018"]
[Site "Krakow"]
[Date "2018.12.30"]
[Round "5"]
[White "Mis, Mieszko"]
[Black "Grib, Roman"]
[Result "0-1"]
[WhiteElo "2260"]
[BlackElo "2412"]
[Annotator "TA"]
[PlyCount "72"]
[EventDate "2018.12.27"]
[EventType "swiss"]
[EventCountry "POL"]
[SourceTitle "playchess.com"]
[Source "ChessBase"]
[SourceQuality "1"]

{[%evp 24,72,-127,-152,-142,-137,-140,-144,-149,-155,-140,-135,-129,-178,-141,-156,-164,-316,-313,-372,-366,-461,-460,-440,-442,-400,-316,-358,-352,-385,-385,-361,-368,-459,-459,-459,-459,-459,-459,-459,-459,-452,-452,-445,-440,-891,-863,-868,-865,-777,-820]} 1. c4 c5 2. Nf3 Nc6 3. Nc3 g6 4. e3 Nf6 5. d4 cxd4 6. exd4 d5 7. cxd5 Nxd5 8. Qb3 e6 9. Bb5 Bg7 10. O-O {A35: Symmetrical English: 2 Nc3 Nc6 3 Nf3} O-O 11. Bg5 (11. Bxc6 bxc6 12. Na4 Qd6 13. Re1 Rb8 14. Qc2 c5 15. Nxc5 Nb4 16. Qc3 Bb7 17. a3 Nd5 {½-½ (30) Cheparinov,I (2710)-Wei,Y (2727) China 2017}) 11... Nxd4 12. Nxd4 Qxg5 13. Nf3 {LiveBook: 3 Games} Qf6 $146 ({Predecessor:} 13... Qh5 14. Rad1 Nxc3 15. bxc3 Qc5 16. c4 b6 17. h3 a6 {0-1 (32) Gdanski,J (2510)-Smith,A (2481) Vaxjo 2014}) 14. Nxd5 exd5 15. Qxd5 Rd8 16. Qe4 Bf5 (16... Qxb2 17. Bc4 $15) 17. Qxb7 Rab8 18. Qa6 Qxa6 ({Resist} 18... Qxb2 19. Bc4 $17) 19. Bxa6 Rxb2 20. Bc4 $2 {[#]} (20. Rac1) 20... Rb4 $1 $19 {[%mdl 64] Discovered Attack} 21. Rac1 Bb2 22. Bb3 Bxc1 23. Rxc1 Rc8 24. Re1 Re4 25. Rf1 h6 26. h3 Be6 27. Rd1 a5 28. Bxe6 Rxe6 {[%mdl 4096] Endgame KRR-KRN. Black is clearly winning.} ({Less strong is} 28... fxe6 29. Rd2 $19) 29. Rd5 Rc1+ 30. Kh2 Re2 31. Rxa5 Rxf2 32. a4 Rcc2 33. Ne1 Ra2 {[#] And now ...Rfe2 would win.} 34. Kg3 (34. Ra8+ $142 Kg7 35. Kg1) 34... Rfe2 35. Nf3 Rxg2+ 36. Kf4 Ra3 {Accuracy: White = 46%, Black = 98%.} 0-1